LEADER 01403nam2 22002891i 450 001 UON00521567 005 20240104055450.443 100 $a20240104g19581959 |0itac50 ba 101 $aita 102 $aIT 105 $a|||| ||||| 200 1 $aˆ1: ‰Analisi di alcuni aspetti statistici del campione$fFausto Galantino 210 $aBologna$cIl Mulino$d©1958$estampa 1959 215 $a109 p.$cill.$d22 cm 410 1$1001UON00521568$12001 $aProblemi della società italiana$1210 $aBologna$cIl Mulino$d[19--]-$v6 461 1$1001UON00521569$12001 $aIndagine sul livello intellettuale degli alunni delle scuole elementari di Palermo$fScuola di statistica dell'Università di Palermo$eCentro di psicostatistica$1210 $aBologna$cil Mulino$d1958-1960$1215 $a2 volumi$d22 cm$v1 606 $aSCOLARI$xItalia$xInchieste$3UONC050625$2FI 620 $aIT$dBologna$3UONL000085 676 $a372$cEducazione Elementare$v20 700 1$aGALANTINO$bFausto$3UONV293921$0486742 712 $aIl Mulino$3UONV245824$4650 801 $aIT$bSOL$c20240220$gRICA 899 $aSIBA - SISTEMA BIBLIOTECARIO DI ATENEO$2UONSI 912 $aUON00521567 950 $aSIBA - SISTEMA BIBLIOTECARIO DI ATENEO$dSI F. Signore6 V 2692 $eSI 49060 5 996 $aAnalisi di alcuni aspetti statistici del campione$93894824 997 $aUNIOR LEADER 03111oam 2200637 450 001 9910812841003321 005 20190911100039.0 010 $a1-118-29079-8 010 $a1-299-31389-2 010 $a1-118-29081-X 024 8 $a40022179619 035 $a(OCLoC)830627911 035 $a(MiFhGG)GVRL6RNP 035 $a(EXLCZ)992560000000100560 100 $a20130118d2013 uy 0 101 0 $aeng 135 $aurun|---uuuua 181 $ctxt$2rdacontent 182 $cc$2rdamedia 183 $acr$2rdacarrier 200 10$aDictatorship in South America /$fJerry Davila 210 $aChichester$cWiley-Blackwell$d2013 210 1$aChichester, West Sussex, UK :$cWiley-Blackwell, a John Wiley & Sons, Ltd., publication,$d2013. 215 $a1 online resource (xvi, 207 pages) $cillustrations 225 0 $6880-03$aViewpoints/puntos de vista : themes and interpretations in Latin American history / Jürgen Buchenau 300 $a"A John Wiley & Sons, Ltd., publication." 311 08$aPrint version: 9781405190558 1405190558 (DLC) 2013000743 320 $aIncludes bibliographical references and index. 327 $aLatin America in the Cold War : Dependency, Development and Liberation -- Brazil : What Road to Development? -- Argentina : Between Peronism and Military Rule -- Chile : From Pluralistic Socialism to Authoritarian Free Market -- Argentina : The Terrorist State -- Brazil : The Long Road Back -- Chile : A Protected Democracy?. 330 $aDictatorship in South America explores the experiences of Brazilian, Argentine and Chilean experience under military rule. Presents a single-volume thematic study that explores experiences with dictatorship as well as their social and historical contexts in Latin Americ. Examines at the ideological and economic crossroads that brought Argentina, Brazil and Chile under the thrall of military dictatorship. Draws on recent historiographical currents from Latin America to read these regimes as radically ideological and inherently unstable. 410 0$aViewpoints/puntos de vista. 606 $aDictatorship$zSouth America$vCase studies 606 $aDictatorship$zBrazil$xHistory$y20th century 606 $aDictatorship$zArgentina$xHistory$y20th century 606 $aDictatorship$zChile$xHistory$y20th century 606 $aCold War 607 $aSouth America$xPolitics and government$y20th century 607 $aBrazil$xPolitics and government$y20th century 607 $aArgentina$xPolitics and government$y20th century 607 $aChile$xPolitics and government$y20th century 615 0$aDictatorship 615 0$aDictatorship$xHistory 615 0$aDictatorship$xHistory 615 0$aDictatorship$xHistory 615 0$aCold War. 676 $a980.03/3 686 $a312.6$2njb/09 686 $a980.03/3$2njb/09 700 $aDavila$b Jerry$f1970-$01641634 701 $aDa?vila$b Jerry$f1970-$01641634 801 0$bMiFhGG 801 1$bMiFhGG 906 $aBOOK 912 $a9910812841003321 996 $aDictatorship in South America$93985898 997 $aUNINA LEADER 01161nas 2200397 c 450 001 9910142104803321 005 20260218110329.0 035 $a(DE-599)ZDB2436014-4 035 $a(OCoLC)984917252 035 $a(DE-101)989488713 035 $a(CKB)1000000000528750 035 $a(DE-599)2436014-4 035 $a(EXLCZ)991000000000528750 100 $a20080707a20019999 |y | 101 0 $aara 135 $aur||||||||||| 181 $ctxt$2rdacontent 182 $cc$2rdamedia 183 $acr$2rdacarrier 200 00$aArkamani$ereview of archaeological & anthropological current research in the Sudan 210 31$a[Erscheinungsort nicht ermittelbar]$c[Verlag nicht ermittelbar]$d2001- 215 $aOnline-Ressource 300 $aGesehen am 01.10.15 517 1 $aArkamani Sudan electronic journal of of archaeology and anthropology 608 $aZeitschrift$2gnd-content 676 $a930 676 $a570 686 $aAFRIKA$qDE-30$2fid 686 $aBIODIV$qDE-30$2fid 801 0$b8999 801 1$bDE-101 801 2$b9999 906 $aJOURNAL 912 $a9910142104803321 996 $aArkamani$94439171 997 $aUNINA